Megismerni a múltat és idegent

Elmentve itt :
Bibliográfiai részletek
Szerző: Berczeli-Nemcsényi Alex
További közreműködők: Venkovits Balázs
Dokumentumtípus: Cikk
Megjelent: 2022
Sorozat:Aetas 37 No. 3
Kulcsszavak:Kivándorlás - magyar - Mexikó - könyvismertetés, Mexikó - útleírás - 19. sz. - könyvismertetés
Tárgyszavak:
Online Access:http://acta.bibl.u-szeged.hu/78133
LEADER 00809nab a2200217 i 4500
001 acta78133
005 20230127125649.0
008 230127s2022 hu o 0|| hun d
022 |a 0237-7934 
040 |a SZTE Egyetemi Kiadványok Repozitórium  |b hun 
041 |a hun 
100 2 |a Berczeli-Nemcsényi Alex 
245 1 0 |a Megismerni a múltat és idegent  |h [elektronikus dokumentum] /  |c  Berczeli-Nemcsényi Alex 
260 |c 2022 
300 |a 186-189 
490 0 |a Aetas  |v 37 No. 3 
650 4 |a Bölcsészettudományok 
650 4 |a Történettudomány és régészet 
695 |a Kivándorlás - magyar - Mexikó - könyvismertetés, Mexikó - útleírás - 19. sz. - könyvismertetés 
700 0 1 |a Venkovits Balázs 
856 4 0 |u http://acta.bibl.u-szeged.hu/78133/1/aetas_2022_003_186-189.pdf  |z Dokumentum-elérés